000 00497nam a2200181Ia 4500
005 20250508150755.0
008 008 250505s9999 xx 000 0 hin d
037 _aTextual
040 _aFEDL
_beng
_cFEDL
041 _ahin
_2eng
084 _a323, BHA
_qFEDL
100 _aBhat Krishna Dutt
_9757606
245 0 _aNagrik-sastra uske siddhant
260 _aPatna, India
_bAdult Education Board
_c1955
300 _a120p.
942 _cTEXL
_h323, BHA
999 _c1325589
_d1325589